000 00834nmm a2200253 a 4500
001 ocm000700747
003 TR-IsHL
005 20201028135102.0
008 131203s[t.y tu tur
007 cr cn
035 _a700747
_b(N$T)
050 0 4 _aPL230
_b.C58 [t.y.]
090 0 4 _aPL230
_b.C58 [t.y.]
100 1 _aCivcir, Esma
245 1 0 _aTurgut'un kirpisi
_h[electronic resource] /
_cEsma Civcir
260 _aİstanbul :
_bTürk Dünyası Araştırmaları Vakfı Yayınları,
_c[t.y.]
300 _a16 p.
650 4 _aDil ve Edebiyat
650 4 _aLanguage and Literature
650 0 _aÇocuk edebiyatı
650 0 _aChildren's literature
650 7 _aLITERARY CRITICISM / Children's Literature
_2bisacsh
856 4 0 _uhttp://search.ebscohost.com/login.aspx?direct=true&scope=site&db=e011xww&AN=700747
999 _c6550
_d6550